Normal view
MARC view
Entry Personal Name
001 - CONTROL NUMBER
- control field: 23601
003 - CONTROL NUMBER IDENTIFIER
- control field: ARRUPE
005 - DATE AND TIME OF LATEST TRANSACTION
- control field: 20160407114356.0
008 - FIXED-LENGTH DATA ELEMENTS
- fixed length control field: 160407|| aca||aabn | a|a d
040 ## - CATALOGING SOURCE
- Original cataloging agency: ARRUPE
- Transcribing agency: ARRUPE
100 ## - HEADING--PERSONAL NAME
- Personal name: Pinkham, Joan (tr.) ; Kelley, Robin D.G.
670 ## - SOURCE DATA FOUND
- Source citation: Work cat.: (ARRUPE)31649: Cesaire, Aime 23598, Discourse on colonialism